000 01139nam a2200301 i 4500
003 EG-GICUC
005 20260509151606.0
008 260509m19721973le ||||fr|||| 00| 0 ara d
040 _a EG-GICUC
_bara
_c EG-GICUC
_d EG-GICUC
_erda
041 _aara
_hara
082 0 4 _221
_a343.3844
_bس م . م
092 0 4 _221
099 _aLaw1 10 343.3844 س م . م 1973
100 0 _aسمير عالية
_eمؤلف.
245 1 0 _aمجموعة اجتهادات محكمة التمييز الجزائية :
_b(بغرفتيها) لعامي 1972 و 1973 /
_cتأليف سمير عالية.
_n(الجزء الثالث)،
264 1 _aبيروت- لبنان :
_bلا يوجد ناشر محدد،
_c1973.
300 _a410 صفحة ;
_c24 سم.
336 _2rda content
_atext
337 _2rda media
_aComputer
338 _2rda carrier
_aOnline Resource
546 _aالنص باللغة العربية
650 1 _aالقانون الجنائي
650 1 _aالنقض
650 1 _aمحكمة التمييز الجزائية
856 4 0 _uhttps://fll.law.cu.edu.eg/fulltext/bks/B10-12256.pdf
905 _a43
942 _2ddc
_n0
_cBK
_e21
999 _c76390
_d76390